00926cam a22002651 450000100100000000500170001000800410002701000130006801500170008103500190009804000230011704200120014005000160015210000330016824500350020126001310023630000260036749000120039350400310040565000340043683000300047091000320050095201110053299900170064300001438120200929163609.0771018s1969 ve b 000 0 spa  a78435831 aLACAP69-4405 a(OCoLC)3350843 aDO-SdBNPcTNJdDLC apremarc00aHX542b.M372 aMedina Franco, Ramon.93248110aMarxismo y teoria sociologica. aCaracas, :bInstituto de Investigaciones, Facultad de Ciencias Economicas y Sociales, Universidad Central de Venezuela,c1969. a133, [3] p. ;c22 cm.1 aEsquema aBibliography: p. 131-[134] 0aCommunism and society.932482 0aColeccion Esquema.932483 aCatalogación por copia/LC 001052708MOaGRbGRcCTd2009-12-10iLF1l0o p14381-10r2020-06-25w2020-06-25y2ZPréstamo interno c13972d13972